000 00631nam a2200193Ii 4500
003 JO-AjNU
008 230605s9999||||xx |||||||||||||| ||und||
040 _aJO-AjNU
_bara
_erda
_cJO-AjNU
041 _aara
050 1 4 _aBF38.I8264 1994
100 3 _aالعيسوي، عبد الرحمن,
_eauthor
_952917
245 0 0 _aالمرجع في علم النفس الحديث
264 3 1 _aالاسكندرية: دار المعرفة الجامعية، 1994
300 _a388ص
336 _atext
_btxt
_2rdacontent
337 _aunmediated
_bn
_2rdamedia
338 _avolume
_bnc
_2rdacarrier
650 4 _aعلم النفس
_952918
999 _aA23469
_c27037
_d27037